Strzelcy bramek w 15 kolejce Ekstraklasy w sezonie 20/21. - Statystyki

Ogólne statystyki
  • Ten quiz został rozwiązany 11 razy
  • Średni wynik to 10 z 16
Statystyki odpowiedzi
Mecz Piłkarz % Poprawnych
Lechia Gdańsk - Jagiellonia Białystok 0:1 Imaz
91%
Wisła Kraków - Piast Gliwice 1:0 Burliga
82%
Wisła Kraków - Piast Gliwice 3:0 Brown Forbes
73%
Lechia Gdańsk - Jagiellonia Białystok 0:2 Puljic
73%
Wisła Kraków - Piast Gliwice 2:0 Sadlok
73%
Wisła Kraków - Piast Gliwice 3:1 Świerczok
73%
Wisła Kraków - Piast Gliwice 3:3 Świerczok
73%
Zagłębie Lubin - Wisła Płock 0:1 Szwoch
73%
Podbeskidzie - Legia Warszawa 1:0 Janicki
64%
Zagłębie Lubin - Wisła Płock 0:2 Kocyła
64%
Górnik Zabrze - Lech Poznań 1:1 Rogne
64%
Wisła Kraków - Piast Gliwice 3:4 Vida
55%
Raków Częstochowa - Pogoń Szczecin 0:1 Benedyczak
45%
Warta Poznań - Cracovia 1:0 Kiełb
45%
Wisła Kraków - Piast Gliwice 3:2 Steczyk
45%
Górnik Zabrze - Lech Poznań 1:0 Sobczyk
36%
Nie znaleziono quizów pasujących do podanych kryteriów
Rozkład punktacji
Procent ludzi z każdym wynikiem
Percentyl według liczby udzielonych odpowiedzi
Twoja historia wyników
Nie rozwiązałeś tego quizu